Welcome to the Holygrace Academy Library

Please use search bar below to get started

THE TWINS AT ST.CLARE'S (Record no. 137)

MARC details
000 -LEADER
fixed length control field 00313nam a22001337a 4500
020 ## - INTERNATIONAL STANDARD BOOK NUMBER
ISBN 0-7497-1909-5
082 ## - DEWEY DECIMAL CLASSIFICATION NUMBER
Classification number 823
Item number BLY/T
100 ## - MAIN ENTRY--AUTHOR NAME
Personal name ENID BLYRON
245 ## - TITLE STATEMENT
Title THE TWINS AT ST.CLARE'S
260 ## - PUBLICATION, DISTRIBUTION, ETC. (IMPRINT)
Place of publication GREAT BRITAIN
Name of publisher EGMONT
Year of publication 1941
300 ## - PHYSICAL DESCRIPTION
Number of Pages 182
650 ## - SUBJECT ADDED ENTRY--TOPICAL TERM
Topical Term CHILDREN'S STORY BOOK
Geographic subdivision UNITED KINGDOM
942 ## - ADDED ENTRY ELEMENTS (KOHA)
Koha item type Books
Holdings
Withdrawn status Lost status Collection code Home library Current library Shelving location Date acquired Full call number Accession Number Koha item type
    Fiction Main Library Main Library SHELF-12C-ENID BLYTON 15/06/2009 823 BLY/T 04824 Books